<?xml version="1.0" encoding="UTF-8"?>
<record
    xmlns:xsi="http://www.w3.org/2001/XMLSchema-instance"
    xsi:schemaLocation="http://www.loc.gov/MARC21/slim http://www.loc.gov/standards/marcxml/schema/MARC21slim.xsd"
    xmlns="http://www.loc.gov/MARC21/slim">

  <leader>00633nam a22001817a 4500</leader>
  <controlfield tag="005">20231228123747.0</controlfield>
  <controlfield tag="008">231228b        |||||||| |||| 00| 0 eng d</controlfield>
  <datafield tag="020" ind1=" " ind2=" ">
    <subfield code="a">9788182900127</subfield>
  </datafield>
  <datafield tag="041" ind1=" " ind2=" ">
    <subfield code="a">Eng.</subfield>
  </datafield>
  <datafield tag="082" ind1=" " ind2=" ">
    <subfield code="a">720.91</subfield>
    <subfield code="b">JAN</subfield>
  </datafield>
  <datafield tag="100" ind1=" " ind2=" ">
    <subfield code="a">Jain S.</subfield>
  </datafield>
  <datafield tag="245" ind1=" " ind2=" ">
    <subfield code="a">Havelis: The Living Tradition </subfield>
  </datafield>
  <datafield tag="260" ind1=" " ind2=" ">
    <subfield code="a">Haryana, India</subfield>
    <subfield code="b">Shubhi Publications</subfield>
    <subfield code="c">2020</subfield>
  </datafield>
  <datafield tag="300" ind1=" " ind2=" ">
    <subfield code="a">196p</subfield>
    <subfield code="b">HB</subfield>
    <subfield code="c">30 x 21 cm</subfield>
  </datafield>
  <datafield tag="365" ind1=" " ind2=" ">
    <subfield code="a">INR</subfield>
    <subfield code="b">3500.00</subfield>
    <subfield code="c">Rupaye</subfield>
  </datafield>
  <datafield tag="500" ind1=" " ind2=" ">
    <subfield code="a">1) Introducing the Place, Patrons and the Archetype
2) Haveli, Neighborhood and Town 
3) Rituals and Spaces inside the Haveli
4) Composing the Haveli
5) Building the Haveli</subfield>
  </datafield>
  <datafield tag="942" ind1=" " ind2=" ">
    <subfield code="c">BK</subfield>
  </datafield>
  <datafield tag="999" ind1=" " ind2=" ">
    <subfield code="c">356799</subfield>
    <subfield code="d">356799</subfield>
  </datafield>
  <datafield tag="952" ind1=" " ind2=" ">
    <subfield code="0">0</subfield>
    <subfield code="1">0</subfield>
    <subfield code="2">ddc</subfield>
    <subfield code="4">0</subfield>
    <subfield code="7">0</subfield>
    <subfield code="a">BNCA</subfield>
    <subfield code="b">BNCA</subfield>
    <subfield code="d">2023-12-28</subfield>
    <subfield code="e">Metro Books</subfield>
    <subfield code="f">B.Arch.</subfield>
    <subfield code="g">2205.00</subfield>
    <subfield code="i">2436</subfield>
    <subfield code="o">720.91 JAN</subfield>
    <subfield code="p">BNCA-BK-12493</subfield>
    <subfield code="r">2023-12-28 00:00:00</subfield>
    <subfield code="t">37%</subfield>
    <subfield code="v">3500.00</subfield>
    <subfield code="w">2023-11-02</subfield>
    <subfield code="y">RF</subfield>
  </datafield>
</record>
